000 00741nam a2200253Ia 4500
003 OSt
005 20220925194947.0
006 a|||||r|||| 00| 0
007 ta
008 220923b |||||||| |||| 00| 0 eng d
037 _cGeneral Book
040 _aRTL
_cRTL
_beng
041 _2eng
_aeng
082 _aX9(F182):9G3.N3, N9
110 _aIndia, Labour Bureau
245 0 _aReport on the working conditions of contract labour in iron and steel industry
260 _aChandigarh
_bGovt Press India
_c2002
300 _a64p
_ccm.
650 _a Steel
_9252887
650 _aIndustrial Economics
700 _aIndia, Labour Bureau
942 _hX9(F182):9G3.N3, N9
_cGB
_2CC
999 _c531356
_d531356